LIBRARY ONLINE CATALOGUE

Structural Hearing (Record no. 15900)

MARC details
000 -LEADER
fixed length control field 00475nam a22001457a 4500
008 - FIXED-LENGTH DATA ELEMENTS--GENERAL INFORMATION
fixed length control field 160322b xxu||||| |||| 00| 0 eng d
020 ## - INTERNATIONAL STANDARD BOOK NUMBER
International Standard Book Number 0486222756
040 ## - CATALOGING SOURCE
Original cataloging agency KABU
Transcribing agency KABU
050 ## - LIBRARY OF CONGRESS CALL NUMBER
Classification number MT,40
Item number .S35
100 ## - MAIN ENTRY--PERSONAL NAME
Personal name Salzer, Felix
245 ## - TITLE STATEMENT
Title Structural Hearing
Remainder of title tonal coherence in music
Statement of responsibility, etc. by felix salzer withh a foreword by Leopold Mannes
260 ## - PUBLICATION, DISTRIBUTION, ETC. (IMPRINT)
Place of publication, distribution, etc. New york
Name of publisher, distributor, etc. Dover
Date of publication, distribution, etc. 1962
300 ## - PHYSICAL DESCRIPTION
Extent xix,349p.
942 ## - ADDED ENTRY ELEMENTS (KOHA)
Source of classification or shelving scheme Library of Congress Classification
Koha item type General Collection
Edition 1st
Classification part MT 40 .S35 1962 C.1
Holdings
Withdrawn status Lost status Source of classification or shelving scheme Not for loan Home library Current library Shelving location Date acquired Cost, normal purchase price Total Checkouts Full call number Barcode Date last seen Copy number Price effective from Koha item type
    Library of Congress Classification   Kabarak, Main Campus Kabarak, Main Campus General Stacks 22/03/2016 2821.70   MT,40 .S35 1962 C.1 026403 22/03/2016 c.1 22/03/2016 General Collection